1089 1356 1055 1493 1965 1911 1502 1686 1186 1998 1374 1309 1823 1845 1885 1753 1101 1632 1260 1830 1526 1736 1828 1945 1454 1133 1217 1336 1051 1167 1115 1911 1030 1374 1667 1514 1944 1221 1671 1786 1107 1954 1361 1365 1470 1349 1453 1803 1802 1773 1380 1663 1535 1095 1049 1330 1800 1481 1573 1575 1378 1629 1183 1313 1608 1454 1372 1311 1000 1112 1287 1206 1726 1249 1534 1342 1747 1743 1401 1916 1142 1998 1486 1421 1716 1537 1977 1090 1431 1001 1163 1877 1313 1840 1676 1725 1124 1332 1030 BCNSPRNW ULIB Ver.6.0+V

เปลี่ยนเป็นภาษาไทย

Change to English
 แสดงรายละเอียดบรรณานุกรม
  กลับหน้าหลัก

Brief Record : Get Marc (ISO 2709) : E-mail record : QR code < ปิดหน้าต่าง
LEADER : 00000nam 2200000uu 4500
001    13399120730
003     ULIB
008    121005s2550||||th 000 0 tha d
020    ^a9742728186
020    ^a9789742728182
050 04 ^aBQ4190^bว111ค
100 0  ^aว.วชิรเมธี
245 10 ^aธรรมะดับร้อน /^cว.วชิรเมธี
250    ^aพิมพ์ครั้งที่ 11
260    ^aกรุงเทพฯ :^bอมรินทร์,^c2550
300    ^a214 หน้า :^bภาพประกอบ ;^c17 ซม.
440  0 ^aธรรมะประยุกต์สำหรับคนรุ่นใหม่ ;^vลำดับที่ 3
650  7 ^aธรรมะ
650  7 ^aความจริง^xแง่ศาสนา^xพุทธศาสนา
650  7 ^aการดำเนินชีวิต
945    ^p135^l0^i14475
995    ^aวิภา
999 ^a ใช้งานได้ทุกระบบ
รายการนี้ยังไม่มีแท็ก
คุณยังไม่ได้ล็อกอิน คุณสามารถมีกิจกรรมร่วมกับเว็บไซต์ได้ แต่ต้องล็อกอินก่อน ::
  ล็อกอิน

รายการสื่อสารสนเทศ

ลำดับที่ ประเภท เลขเรียก/บาร์โค้ด สถานที่ สถานะ
1. วิทยาศาสตร์การแพทย์ และสุขภาพ
วิทยาศาสตร์การแพทย์ และสุขภาพ
BQ4190 ว111ค  
  Barcode: 14475
ห้องสมุดวิทยาเขตสวรรค์ประชารักษ์
►หนังสือทั่วไป
บนชั้น

รายการใกล้เคียง
    ผู้แต่ง [ว.วชิรเมธี]

    หัวเรื่อง [ธรรมะ]
    หัวเรื่อง [การดำเนินชีวิต]

BibComment


ยังไม่เคยถูกคอมเมนท์

คอมเมนท์ทรัพยากรรายการนี้
  คอมเมนท์: ธรรมะดับร้อน วว..


 Copyright 2026. Bcnsprnw @Library